Piłka nożna quiz #161 - Najmłodsi strzelcy reprezentacji Hiszpanii - Statystyki

Ogólne statystyki
  • Ten quiz został rozwiązany 434 razy
  • Średni wynik to 3 z 5
Statystyki odpowiedzi
Zawodnik Pozycja Data zdobycia bramki Wiek zawodnika % Poprawnych
Lamine Yamal Prawy skrzydłowy 08.09.2023 16 lat 01 miesiąc 26 dni
100%
Gavi Środkowy pomocnik 05.06.2022 17 lat 10 miesięcy 00 dni
73%
Sergio Ramos Środkowy obrońca 12.10.2005 19 lat 06 miesięcy 12 dni
48%
Ansu Fati Lewy skrzydłowy 06.09.2020 17 lat 10 miesięcy 06 dni
40%
Yéremy Pino Prawy skrzydłowy 29.03.2022 19 lat 05 miesięcy 09 dni
12%
Nie znaleziono quizów pasujących do podanych kryteriów
Rozkład punktacji
Procent ludzi z każdym wynikiem
Percentyl według liczby udzielonych odpowiedzi
Twoja historia wyników
Nie rozwiązałeś tego quizu